वाचन कौशल्य कृती गती आणि प्रगती (Record no. 62984)

MARC details
000 -LEADER
fixed length control field 00790nam a2200193Ia 4500
008 - FIXED-LENGTH DATA ELEMENTS--GENERAL INFORMATION
fixed length control field 090123s9999 xx 000 0 und d
082 ## - DEWEY DECIMAL CLASSIFICATION NUMBER
Item number 24913
100 ## - MAIN ENTRY--PERSONAL NAME
Personal name अत्रे दिपा भटकमल
245 ## - TITLE STATEMENT
Title वाचन कौशल्य कृती गती आणि प्रगती
250 ## - EDITION STATEMENT
Edition statement 1
260 ## - PUBLICATION, DISTRIBUTION, ETC. (IMPRINT)
Name of publisher, distributor, etc उन्मेष प्रकाशन
300 ## - PHYSICAL DESCRIPTION
Extent 280
600 ## - SUBJECT ADDED ENTRY--PERSONAL NAME
Personal name अत्रे दिपा भटकमल
630 ## - SUBJECT ADDED ENTRY--UNIFORM TITLE
Uniform title वाचन कौशल्य कृती गती आणि प्रगती
700 ## - ADDED ENTRY--PERSONAL NAME
Personal name अत्रे दिपा भटकमल
700 ## - ADDED ENTRY--PERSONAL NAME
Personal name अत्रे दिपा भटकमल
730 ## - ADDED ENTRY--UNIFORM TITLE
Uniform title वाचन कौशल्य कृती गती आणि प्रगती
942 ## - ADDED ENTRY ELEMENTS (KOHA)
Koha item type Book
Holdings
Withdrawn status Lost status Damaged status Not for loan Home library Current library Date acquired Cost, normal purchase price Total Checkouts Full call number Barcode Date last seen Cost, replacement price Price effective from Koha item type
        Jawahar Wachalanalaya, Kalwa Jawahar Wachalanalaya, Kalwa 03/31/2002 120.00   24913 KLW-24913 01/23/2009 120.00 01/23/2009 Book